000 00475nam a2200205Ia 4500
008 210210b1960 xxu||||| |||| 00| 0 eng d
041 _aeng
082 _a389/33
100 _aGRAINSEEDS ASSOCIATION
245 _aGrain and oilseeds merchants association
260 _aBombay
_b-
_c1960
300 _a850
650 _aoilseeds
650 _amerchants
650 _aGrain
650 _aassociationb
650 _aassociation
690 _aTrade
906 _a005748
999 _c125807
_d125807